Mathematics of uncertainty : Ideas,methods,application problems

Saved in:
Bibliographic Details
Main Author: Bandemer, Hans-Walter (Author)
Format: Book
Language:English
Published: Berlin : Springer Verlag London, 2006
Tags: Add Tag
No Tags, Be the first to tag this record!

MARC

LEADER 00000nam a22000003a 4500
001 stu197287
005 20190206105124.2
008 091215s2006----gw------------------eng-d
020 |a 3-540-28457-5 
040 |a STU  |b slo 
041 0 |a eng 
044 |a gw 
080 |a 519  |7 stu_us_auth*stu7042 
100 1 |a Bandemer, Hans-Walter  |4 aut 
245 1 |a Mathematics of uncertainty :  |b Ideas,methods,application problems 
260 |a Berlin :  |b Springer Verlag London,  |c 2006 
300 |a 14,190 s 
996 |c V*50708/O-22678  |l VV3  |s P  |a 0  |w stu197287_0001